Pays ayant le plus de locuteurs du russe - Statistiques

Statistiques générales
  • Ce quiz a été pris 68 454 fois
    24 583 depuis la dernière actualisation
  • Le résultat moyen est 10 sur 14
Statistiques - réponses
# locuteurs % Pays % Correct
118 581 514 85,7 Russie
99%
14 273 670 29,6 Ukraine
98%
6 672 964 70,2 Biélorussie
95%
3 793 800 21,2 Kazakhstan
83%
383 118 29,6 Estonie
82%
698 757 33,8 Lettonie
81%
190 733 6,80 Lituanie
81%
1 004 815 0,30 États-Unis
76%
720 300 2,10 Ouzbékistan
71%
264 162 9,70 Moldavie
65%
482 200 8,90 Kirghizistan
60%
1 877 000 2,30 Allemagne
55%
220 360 0,60 Canada
53%
1 155 960 15,0 Israël
19%
Aucun quiz correspondant
Distribution des résultats
% des personnes avec chaque résultat
Percentile par nombre de réponses
Votre historique - résultats
Vous n’avez pas pris ce quiz depuis la dernière actualisation